Squadre vincitrici della Coppa UEFA/Europa League - Statistics

Statistiche generali
  • Questo quiz è stato fatto 477 volte
    138 dall'ultimo reset
  • Il punteggio medio è 36 su 53
Statistiche sulle risposte
Anno Squadra % Corretto
1991 FC Inter
93%
1994 FC Inter
93%
1998 FC Inter
93%
1977 Juventus FC
93%
1990 Juventus FC
93%
1993 Juventus FC
93%
2006 Sevilla FC
91%
2007 Sevilla FC
91%
2014 Sevilla FC
91%
2015 Sevilla FC
91%
2016 Sevilla FC
91%
2020 Sevilla FC
91%
2023 Sevilla FC
91%
2024 Atalanta BC
84%
2017 Manchester United FC
84%
2010 Club Atlético de Madrid
82%
2012 Club Atlético de Madrid
82%
2018 Club Atlético de Madrid
82%
1985 Real Madrid CF
82%
1986 Real Madrid CF
82%
1973 Liverpool FC
80%
1976 Liverpool FC
80%
2001 Liverpool FC
80%
2013 Chelsea FC
78%
2019 Chelsea FC
78%
1989 SSC Napoli
74%
1995 Parma Calcio 1913
73%
1999 Parma Calcio 1913
73%
1988 Bayer Leverkusen
72%
2003 FC Porto
70%
2011 FC Porto
70%
1992 Ajax
68%
2021 Villarreal CF
62%
1975 Borussia Mönchengladbach
60%
1979 Borussia Mönchengladbach
60%
2022 Eintracht Frankfurt
55%
1978 PSV
55%
1996 Bayern Monaco
54%
1980 Eintracht Francoforte
54%
1972 Tottenham Hotspur FC
54%
1984 Tottenham Hotspur FC
54%
2002 Feyenoord Rotterdam
51%
1974 Feyenoord Rotterdam
50%
2004 Valencia CF
50%
2008 Zenit San Pietroburgo
41%
2000 Galatasaray SK
37%
2005 CSKA Mosca
36%
2009 FK Šachtar Donec'k
29%
1983 RSC Anderlecht
28%
1997 Schalke 04
24%
1982 IFK Göteborg
23%
1987 IFK Göteborg
23%
1981 Ipswich Town F.C.
18%
Nessun quiz corrispondente trovato
Distribuzione punteggi
Percentuale di utenti per punteggio
Percentile per numero di risposta
I tuoi punteggi nel tempo
Non hai fatto questo quiz dall'ultimo reset